| 000 | 00838pam a2200181 a 4500 | ||
|---|---|---|---|
| 999 |
_c2677 _d2677 |
||
| 020 | _a0070425124 (alk. paper) : | ||
| 050 | 0 | 0 |
_aHD8072.5 _b.M54 1994 |
| 100 | 1 | _aMills, Daniel Quinn. | |
| 245 | 1 | 0 |
_aLabor-management relations / _cDaniel Quinn Mills. |
| 250 | _a5th ed. | ||
| 260 |
_aNew York : _bMcGraw-Hill, _cc1994. |
||
| 300 |
_axviii, 690 p. : _bill., maps ; _c25 cm. |
||
| 440 | 0 | _aMcGraw-Hill series in management | |
| 505 | _aA. Contemporary labor-management relations B. The historical and institutional context C. Management and employees D. Labor-management relations and the legal setting E. Bargaining structure F. The collective bargaining process G. Subjects of collective bargainig H. An assessment of labor-management relations | ||
| 650 | 0 | _aIndustrial relations | |
| 650 | 0 | _aIndustrial relations. | |
| 942 | _cBK | ||